Pregúntale a Alicia: diario íntimo de una joven drogada
Guardat en:
| Autor principal: | |
|---|---|
| Format: | Llibre |
| Idioma: | espanyol |
| Publicat: |
Barcelona
Martínez Roca
1985
|
| Col·lecció: | Fantasia joven
|
| Matèries: | |
| Etiquetes: |
Afegir etiqueta
Sense etiquetes, Sigues el primer a etiquetar aquest registre!
|
MARC
| LEADER | 00000nam a2200000 a 4500 | ||
|---|---|---|---|
| 001 | UCW5072 | ||
| 003 | CL-VaPUC | ||
| 008 | 901127e19850000SP |||||||||||||||||spa|d | ||
| 082 | 0 | 4 | |a 823 |b SPA |2 21 |
| 100 | 0 | |a Sparks, Beatrice |e author |9 309908 | |
| 245 | 1 | 0 | |a Pregúntale a Alicia: diario íntimo de una joven drogada |
| 300 | |a 198 p | ||
| 942 | |c BK | ||
| 945 | |d 19901127 00:00:00 | ||
| 260 | |a Barcelona |b Martínez Roca |c 1985 | ||
| 650 | 0 | |a Novelas inglesas |9 265220 | |
| 650 | 0 | |a Drogas |9 254877 | |
| 650 | 0 | |a Literatura juvenil |9 309909 | |
| 650 | 0 | |a Relatos personales |9 255122 | |
| 583 | |a last modification |c 19901127 00:00:00 |k Rodrigo Vera | ||
| 490 | 0 | |a Fantasia joven | |
| 999 | |c 218588 |d 218586 | ||
| 952 | |0 0 |1 0 |4 0 |6 823_000000000000000_SPA_1985 |7 0 |8 A |9 208351 |a BIBEDU |b BIBEDU |d 2019-11-15 |i 2762862 |o 823 SPA 1985 |p 2762862 |r 2019-11-15 |w 2019-11-15 |y BK |k EDU | ||